Trends in industrial R&D in selected OECD member countries, 1967-1975
保存先:
| 団体著者: | |
|---|---|
| フォーマット: | 図書 |
| 言語: | Undetermined |
| 出版事項: |
Paris
Organisation for Economic Co-operation and Development
1979
|
| 主題: | |
| タグ: |
タグ追加
タグなし, このレコードへの初めてのタグを付けませんか!
|
| Thư viện lưu trữ: | Trung tâm Học liệu Trường Đại học Cần Thơ |
|---|
| LEADER | 00630nam a2200181Ia 4500 | ||
|---|---|---|---|
| 001 | CTU_79021 | ||
| 008 | 210402s9999 xx 000 0 und d | ||
| 082 | |a 338.4 | ||
| 082 | |b O.68 | ||
| 110 | |a Organisation for Economic Co-operation and Development | ||
| 245 | 0 | |a Trends in industrial R&D in selected OECD member countries, 1967-1975 | |
| 245 | 0 | |c Organisation for Economic Co-operation and Development | |
| 260 | |a Paris | ||
| 260 | |b Organisation for Economic Co-operation and Development | ||
| 260 | |c 1979 | ||
| 650 | |a Research industrial | ||
| 650 | |x Finance | ||
| 980 | |a Trung tâm Học liệu Trường Đại học Cần Thơ | ||